| 000 | 00843cam a2200229 a 4500 | ||
|---|---|---|---|
| 001 | 000012618 | ||
| 005 | 20200929163040.0 | ||
| 008 | 750826s1941 cu 001 0 spa d | ||
| 040 |
_aDO-SdBNP _bspa _cLC _dBNPHU |
||
| 050 | 0 | 0 |
_aF1787 _b.M32 |
| 082 |
_ann* _bM357p |
||
| 100 | 1 |
_aMárquez Sterling, Manuel, _d1872-1934. _929347 |
|
| 245 | 1 | 0 |
_aProceso histórico de la enmienda Platt (1897-1934) / _cManuel Márquez Sterling ; prólogo Rene Lufriu. |
| 260 |
_aLa Habana : _bImprenta "El Siglo XX," A. Muñiz y Hno., _c1941. |
||
| 300 |
_axxxv, 462 p. : _bil. ; _c24 cm. |
||
| 504 | _aIncluye índice alfabético. | ||
| 651 | 0 |
_aCuba _xForeign Relations _zUnited States. _929348 |
|
| 651 | 0 |
_aUnited States _xForeign Relations _zCuba. _929349 |
|
| 700 | 1 |
_aLufriu, Rene, _epról. _929350 |
|
| 910 | _aCatalogación por copia / LC | ||
| 049 | _aBNGR | ||
| 999 |
_c12273 _d12273 |
||